Hermeneutics, Citizenship, and the Public Sphere = Hermenéutica, ciudadanía y la esfera pública /
Uloženo v:
| Hlavní autor: | |
|---|---|
| Médium: | Neznámo |
| Jazyk: | English |
| Vydáno: |
New York :
State University of New York Press,
2009.
|
| Témata: | |
| Tagy: |
Přidat tag
Žádné tagy, Buďte první, kdo vytvoří štítek k tomuto záznamu!
|
MARC
| LEADER | 000000000a22000000004500 | ||
|---|---|---|---|
| 001 | 011349 | ||
| 020 | |a 0791414876 | ||
| 041 | 0 | |a eng | |
| 082 | 0 | 4 | |a 323.6 |b A366h |
| 100 | 1 | |a Alejandro, Roberto | |
| 245 | 1 | 0 | |a Hermeneutics, Citizenship, and the Public Sphere = |b Hermenéutica, ciudadanía y la esfera pública / |c Roberto Alejandro. |
| 246 | 3 | 1 | |a Hermenéutica, ciudadanía y la esfera pública |
| 260 | 1 | |a New York : |b State University of New York Press, |c 2009. | |
| 300 | |a 289 páginas | ||
| 500 | |a Colección George Yúdice | ||
| 650 | 4 | |a CIUDADANIA | |
| 650 | 4 | |a NACIONALISMO | |
| 650 | 4 | |a HERMENEUTICA | |
| 650 | 4 | |a POSTMODERNISMO | |
| 650 | 4 | |a ASPECTOS POLITICOS | |
| 999 | |c 16645 |d 16645 | ||
| 942 | |c BK |h 323.6 A366h |2 z | ||



